000 00216nam a22000857a 4500
008 160811b xxu||||| |||| 00| 0 eng d
100 _9119
_aEgmont
245 _aDestination Moon
260 _aUSA
_bMacMillan publication
_c2009
999 _c2774
_d2774